[Event "Cutro 07th"]
[Site "Cutro"]
[Date "2001.04.24"]
[Round "3"]
[White "Ristic, Nenad"]
[Black "Ortega, Lexy"]
[Result "0-1"]
[WhiteElo "2425"]
[BlackElo "2487"]
[Annotator "Ribli,Z"]
[PlyCount "52"]
[EventDate "2001.04.22"]
[EventType "tourn"]
[EventRounds "10"]
[EventCountry "ITA"]
[EventCategory "9"]
[SourceTitle "CBM 083"]
[Source "ChessBase"]
[SourceDate "2001.07.05"]
[SourceVersion "1"]
[SourceVersionDate "2001.07.05"]
[SourceQuality "1"]

1. e4 c5 2. Nf3 e6 3. d4 cxd4 4. Nxd4 a6 5. Nc3 b5 6. Bd3 Bc5 {Dieser Zug wird
seltener gespielt als die Alternative, die Idee ist aber ähnlich: Schwarz will
den Nd4 (nach b3) verjagen.} (6... Qb6 {Das ist die Hauptvariante.} 7. Be3 (7.
Nb3 Qc7) 7... Bc5) 7. Be3 (7. Nb3 Be7 8. Qg4 (8. O-O d6 9. f4 (9. Qe1 Nf6 10.
Bd2 O-O 11. a4 b4 12. Na2 a5 13. c3 bxc3 14. Nxc3 Nc6 {1/2-1/2 Mitkov,N-Milov,
V/Pula 2000/CBM 77 (22)}) 9... Nd7 10. Qf3 Bb7 11. Bd2 Ngf6 12. a4 b4 13. Nd1
a5 14. Nf2 O-O 15. g4 e5 {0-1 Saravanan,V-Milov,V/Amsterdam 2000/CBM 77 ext 
(35)}) 8... g6 (8... Nf6 9. Qxg7 Rg8 10. Qh6 Nc6 11. Bd2 Ne5 12. f4 Nxd3+ 13.
cxd3 b4 14. Ne2 Rxg2 15. Qh3 Rg6 16. f5 exf5 17. exf5 Rg4 {0-1 Tiviakov,
S-Bosboom,M/Hoogeveen 1999/EXT 2000 (44)}) 9. Qe2 (9. e5 Nc6 10. Bf4 h5 11. Qe2
Qc7 12. O-O g5 13. Bd2 Nxe5 14. f4 Ng4 {0-1 Rowson,J-Milov,V/Torshavn 2000/CBM
78 ext (23)}) 9... Nc6 (9... d6 10. O-O b4 $6 11. Nd1 Bb7 12. a3 Nc6 13. Bd2 (
13. axb4 Nxb4 14. Bb5+ $1 Kf8 $14) 13... bxa3 14. Rxa3 {1-0 Ponomariov,
R-Gallagher,J/Biel 2000/CBM 79_02 (33)}) 10. O-O d6 11. a4 b4 12. Nd1 a5 13.
Bb5 $14 {1-0 Bologan,V-Milov,V/Buenos Aires 2000/CBM 80/[Ribli] (39)}) 7... d6
{Dieser Zug ist ein wenig passiv. Schwarz täte daher am besten daran, mit 7...
Qb6 in die Variante mit 6... Qb6 überzuleiten.} (7... Qb6) 8. Qg4 {Das ist ein
typischer Zug - Weiß möchte die Tatsache ausnutzen, dass der Bc5 weit vom
Königsflügel entfernt ist. Ich bin mir aber gar nicht sicher, dass das die
beste Fortsetzung für Weiß ist.} (8. O-O) (8. Qe2 $5 Qb6 9. O-O-O) 8... Nf6 $5
{Schwarz opfert einen Bauern. Die weiße Dame wird sich nun weit vom Zentrum
entfernen.} (8... Ne7 9. Qxg7 Rg8 10. Qxh7) (8... g6 $5) 9. Qxg7 Rg8 10. Qh6
Nbd7 {Schwarz verschmäht den Bg2 und strebt rasche Figurenentwicklung an.} (
10... Rxg2 11. O-O-O $36) (10... Rg6 11. Qh4 e5 12. Nf5 $36) (10... e5 11. Nf5
(11. Nde2 Rg6 12. Qh4 Bxe3 13. fxe3 Rxg2 $13) 11... Bxf5 12. exf5 Rxg2 13. Ne4
$36 (13. Be4 $36)) 11. O-O-O (11. O-O Ne5 {[%cal Re5g4,Rg4h6,Rg4e3]} 12. f3 (
12. f4 $2 Neg4 13. Qh3 Nxe3 14. Qxe3 e5 $19) 12... Rg6 13. Qh4 (13. Qh3 Nxd3
14. cxd3 e5 $19) 13... Qb6 14. Qf2 (14. Nce2 Nxd3 15. cxd3 e5 16. b4 Bxd4 17.
Bxd4 exd4 18. Nf4 $13) 14... Bxd4 15. Bxd4 Nxf3+ 16. Qxf3 Qxd4+ 17. Kh1 Qe5 $11
) 11... Qb6 $13 12. Be2 (12. Nb3 $2 Bxe3+ 13. fxe3 (13. Qxe3 Qxe3+ 14. fxe3
Rxg2 $17) 13... Rxg2 $17) 12... Bb7 $5 (12... Rxg2 $13) 13. Bf3 (13. b4 $2 Bxb4
14. Nxe6 Qa5 $19) (13. f3 $2 Rg6 14. Qh4 e5 $19) 13... Rg6 14. Qh3 Ne5 {
[%cal Ge5c4,Gc4e3][%mdl 2048] Schwarz hat sehr aktives Figurenspiel entwickelt
und verfügt m.E. über ausreichende Kompensation für den Bauern.} 15. Bh5 (15.
b4 $2 Bxb4 16. Nxe6 Qa5 $19) (15. Rhe1 $5) 15... Nxh5 16. Qxh5 Nc6 17. Nf5 $4 {
[%mdl 8192] Ich kann mir diesen Zug nicht erklären. Das muss eine
Halluzination sein - Weiß verliert die Figur und die Partie.} (17. Nce2 Nxd4
18. Bxd4 Bxe4 $13) (17. Nxc6 Qxc6 18. Bxc5 Qxc5 19. Qxh7 b4 $13 (19... Qg5+ $2
20. Kb1 Rh6 21. h4 $1 $18)) 17... exf5 18. Bxc5 (18. exf5 Rxg2 $19 (18... Bxe3+
19. fxe3 Rxg2 20. Nd5 Qc5 $19)) 18... Qxc5 19. exf5 Ne5 $1 $19 20. f4 (20. fxg6
Nd3+ $19 {[%cal Rd3c1,Rc5h5]}) 20... Rxg2 21. Rhe1 (21. fxe5 Qf2 $19 {[%cal
Rg2c2]}) 21... Qf2 {[%cal Rg2c2,Rf2f4]} 22. Ne2 (22. Re2 Qxf4+ $19) 22... Nf3 {
Schwarz hat eine Figur mehr und gewinnt weiteres Material.} 23. Qxh7 O-O-O (
23... Nxe1 $19) 24. Qxf7 Qe3+ (24... Nxe1 $19) 25. Kb1 Nxe1 26. Nd4 Rd2 0-1

[Event "Biel GM"]
[Site "Biel"]
[Date "2000.07.24"]
[Round "1"]
[White "Svidler, Peter"]
[Black "Milov, Vadim"]
[Result "1-0"]
[WhiteElo "2689"]
[BlackElo "2626"]
[Annotator "Ribli,Z"]
[PlyCount "67"]
[EventDate "2000.07.24"]
[EventType "tourn"]
[EventRounds "10"]
[EventCountry "SUI"]
[EventCategory "16"]
[SourceTitle "CBM 079"]
[Source "ChessBase"]
[SourceDate "2000.11.21"]
[SourceVersion "1"]
[SourceVersionDate "2000.11.21"]
[SourceQuality "1"]

1. e4 c5 2. Nf3 e6 3. d4 cxd4 4. Nxd4 a6 5. Nc3 b5 6. Bd3 Bb7 {Schwarz wartet
noch mit 6...Qb6. Aufgrund dieser Zugfolge jedoch kann Weiß einen gefährlichen
Aufbau wählen.} 7. O-O Qb6 {Schwarz verfolgt mit dem Textzug eine ähnliche
Idee, wie in der Variante mit 6...Qb6 - er möchte den Nd4 verjagen.} 8. Be3 (8.
Nf3 Qc7 9. a4 (9. Re1 Bc5 10. e5 (10. Bd2) 10... f5 $1 11. exf6 Nxf6 12. Ne4
Bxe4 13. Bxe4 Nc6 14. Bxc6 (14. Bd3 Ng4 15. Re2 O-O $40) 14... Qxc6 15. Ne5 Qc7
16. Bf4 O-O 17. Bg3 Qb7 18. Qe2 {1-0 Adams,M-Topalov,V/Tilburg 74/196 1998/Inf
74/[Adams,Mi] (61)}) 9... b4 10. Ne2 Nf6 11. Bf4 d6 12. e5 Bxf3 13. exf6 Bb7
14. fxg7 Bxg7 15. c3 Qc6 16. f3 Nd7 17. cxb4 Qb6+ 18. Kh1 Qxb4 {1/2-1/2 Mainka,
R-Milov,V/Frankfurt GER 2000/The Week in Chess 293 (32)}) (8. Nb3) 8... Bc5 9.
Nce2 (9. Be2 $2 Nc6 10. Nxc6 Bxe3 11. Ne5 Bd4 $17) 9... Nf6 10. b4 $1 {Das ist
der große Unterschied! Nach 6...Qb6 7.Be3 Bc5 wäre der weiße Aufbau mit 8.Nce2
fehlerhaft, weil Schwarz 8...Nf6 mit der "Nebendrohung" 8...Ng4 spielt und
Weiß zu 9.h3 gezwungen ist, gefolgt von 9...Bb7 und Vorteil für Schwarz (der
Pe4 hängt). In unserer Partie konnte Weiß - aufgrund der Zugfolge 6...Bb7 7.
0-0 Qb6 - das wichtige Tempo h2-h3 einsparen.} Bxd4 $6 {Das Ablehnen des
Opfers ist kaum zu empfehlen.} (10... Bxb4 $5 11. Nf5 (11. Nxb5 Bc5 12. Bxc5
Qxc5 13. Nbc3 Nc6 $11) 11... Qc7 (11... Bc5) 12. Nxg7+ $13) 11. Bxd4 Qc7 12. c4
$1 $36 {Ein ausgezeichneter Angriffszug - Weiß hat das Läuferpaar und die
bessere Entwicklung, daher öffnet er die Stellung.} e5 (12... bxc4 13. Rc1 {
[%cal Gc1c7]} Bxe4 (13... d5 14. exd5 exd5 15. Re1 O-O 16. Bxf6 gxf6 17. Bb1
$16 {[%csl Rg8][%cal Gc1c3,Gc3h3,Ge2d4,Gb1h7]}) 14. Rxc4 (14. Bxf6 Bxd3 15.
Bxg7 Rg8 $13) 14... Bc6 15. Qa1 $44) 13. Bb2 Nc6 (13... bxc4 14. Rc1 d5 15.
exd5 Bxd5 16. Bxc4 Bxc4 17. Qc2 $14 {[%csl Rc4][%cal Rc1c7]}) 14. cxb5 axb5 15.
Nc3 $14 {[%mdl 2048] Weiß besitzt das Läuferpaar und Entwicklungsvorteil, der
schwarye König steht unsicher in der Mitte, außerdem hängt der Pb5.} (15. Bxb5
$14) 15... Nd4 (15... Nxb4 16. Nxb5 Qb8 17. Bc4 $14) 16. Bxb5 O-O (16... Nxe4
17. Nxe4 Nxb5 18. Nc5 $16) (16... Nxb5 $2 17. Nxb5 $18) 17. Bd3 {Weiß hat
einen Mehrbauern und selbst wenn Schwarz durch d7-d5 etwas Gegenspiel erlangt,
so bleibt seine Kompensation doch ungenügend.} Rfd8 18. Re1 d5 19. exd5 Bxd5 (
19... Nxd5 20. Nxd5 Rxd5 (20... Bxd5 21. Qh5 $18 {[%cal Rh5e5,Re1e5,Rh5h7,
Rd3h7]}) 21. Rc1 $16) 20. Nxd5 Rxd5 21. Rc1 Qb7 22. Bc4 (22. a3 $16) 22... Rd7
23. a3 $16 {[%mdl 1024] Die Opposition von Turm und Dame auf der d-Linie
bringt Schwarz nichts Greifbares. Weiß behält einen gesunden Mehrbauern und
das Läuferpaar.} Rad8 24. Qd3 {[%cal Gd3g3] Die weiße Dame möchte eventuellen
Unannehmlichkeiten auf der d-Linie aus dem Weg gehen und strebt nach g3 oder
h3.} e4 {Durch diesen Zug wird die schwarze Kontrolle über das Feld d4
geschwächt.} 25. Qe3 h6 26. h3 Rd6 27. Bf1 {[%cal Gc1c4] Alles in der weißen
Stellung ist verteidigt. Der Läuferzug räumt das Feld c4 für den Turm.} Rd5 28.
Rc4 Nf5 (28... Qd7 29. Bxd4 (29. Rec1 $16) 29... Rxd4 30. Rxd4 Qxd4 31. Qxd4
Rxd4 32. Rc1 $18) 29. Qc1 {[%csl Re4][%cal Gc1c8,Rb2f6]} R8d6 $6 (29... Nd4 30.
Bxd4 Rxd4 31. Rxd4 Rxd4 32. Rd1 $18) 30. Bxf6 Rxf6 31. Rcxe4 $18 {Weiß hat
zwei gesunde Mehrbauern und steht auf Gewinn. Schwarz hat kein Gegenspiel.} Qb6
32. Re5 Ng3 {Dieser Zug sieht schön aus, verliert aber leicht. Schwarz hatte
ohne keine Verteidigung mehr.} 33. Qc8+ Rd8 (33... Kh7 34. Qc2+ $18 {[%cal
Gc2f2]}) 34. Qxd8+ (34. Qxd8+ Qxd8 35. Re8+ Qxe8 36. Rxe8+ Kh7 37. fxg3 $18)
1-0

[Event "Pula zt 1.2"]
[Site "Pula"]
[Date "2000.04.14"]
[Round "4"]
[White "Smirin, Ilia"]
[Black "Hulak, Krunoslav"]
[Result "0-1"]
[WhiteElo "2666"]
[BlackElo "2495"]
[Annotator "Ribli,Z"]
[PlyCount "124"]
[EventDate "2000.04.11"]
[EventType "swiss"]
[EventRounds "11"]
[EventCountry "CRO"]
[SourceTitle "CBM 077"]
[Source "ChessBase"]
[SourceDate "2000.07.27"]
[SourceVersion "1"]
[SourceVersionDate "2000.07.27"]
[SourceQuality "1"]

1. e4 c5 2. Nf3 e6 3. d4 cxd4 4. Nxd4 a6 5. Nc3 Qc7 {Dieser Zug ist
elastischer als die aggressive Fortsetzung 5...b5.} 6. f4 {Anstelle des
Textzuges wäre 6.Bd3 die prinzipielle Fortsetzung. Der Textzug wird relativ
selten gespielt. Es ist bemerkenswert, dass Großmeister Smirin - der selbst
mit Schwarz die Paulsen Variante spielt - diese meiner Meinung nach weniger
gefährliche Fortsetzung wählt.} Bb4 (6... b5 $5) 7. Qf3 d5 $5 $146 {Dieser
natürliche Zug ist eine theoretische Neuerung. Das rührt daher, dass die
Variante 6.f4 nur selten gespielt wird.} (7... Nf6 8. Bd2 Bxc3 9. Bxc3 d5 10.
Bd3 dxe4 11. Bxe4 Nxe4 12. Qxe4 O-O 13. O-O Nd7 {1/2-1/2 Jap Tjoen San,L-Jahn,
C/Athens 1997/EXT 99 (41)}) (7... Ne7 8. Bd2 O-O 9. Bd3 d6 10. O-O Bc5 11. Be3
b5 12. f5 exf5 13. exf5 Nd7 14. Qg3 Nf6 15. Nce2 Kh8 16. Qh4 Bb7 17. Bg5 Neg8
18. c3 Rae8 {1/2-1/2 Rohde,T-Boehme,E/Bad Zwesten 1999/CBM 68 ext (36)}) (7...
d6 8. Bd2 Nf6 9. Bd3 Nbd7 10. Nde2 h5 11. O-O-O b5 12. Kb1 Bc5 13. Qg3 Bb7 14.
f5 e5 15. Qxg7 Rg8 16. Qh6 O-O-O $44 {0-1 Repkova Eid,E-Ioseliani,N/Prague
1996/EXT 98 (31)}) 8. Bd2 $6 (8. exd5 $5 exd5 9. Bd2 Nf6 {[%csl Ye4][%cal
Gf6e4]} 10. O-O-O $14 Bg4 $2 11. Nxd5 $16) (8. e5 Nc6 $11) 8... Nc6 $6 (8...
dxe4 $5 {Nach diesem Zug bekommt Weiß keinen Eröffnungsvorteil.} 9. Nxe4 (9.
Qxe4 $6 Nf6 $15) 9... Bxd2+ 10. Nxd2 Nf6 $11) 9. Nxc6 bxc6 10. Bd3 Nf6 (10...
Bb7 11. O-O Ne7 12. Kh1 c5 $5 $11) 11. O-O Bb7 12. Kh1 Be7 {Der schwarze
Läufer stand unsicher auf b4. Da Schwarz nicht Bxc3 spielen möchte, zieht er
den Läufer zurück.} (12... O-O 13. e5 Bxc3 (13... Nd7 $2 14. Nxd5 exd5 15. Bxb4
$16) 14. Bxc3 Nd7 15. Qh5 $40) 13. f5 (13. e5 Nd7 $13) (13. Qg3 d4 14. Ne2 c5
15. e5 c4 $13) 13... e5 $13 {Der schwarze König steht in der Mitte, aber mit
den Bauern Pd5 und Pe5 besitzt Schwarz ein stolzes Zentrum.} 14. Rae1 (14. Qg3
d4 15. Nd1 c5 $36) 14... Bd6 (14... d4 $5) 15. Bg5 $6 (15. Qg3 $1 $13 O-O $2 (
15... Rg8) 16. Bh6 Nh5 (16... Ne8 17. Bxg7 $18) 17. Qg5 $16) 15... d4 16. Nb1 {
[%csl Yc4][%cal Gb1d2,Gd2c4]} (16. Ne2 Nd7 $13 (16... c5 17. Bxf6 gxf6 18. Bc4
$14)) 16... Nd7 17. a3 (17. Nd2 Nb6 $13 (17... f6 $6 18. Bh4 Bb4 19. Rd1 Bxd2
20. Rxd2 c5 21. Bc4 $14)) 17... a5 {Mit diesem Zug bereitet Schwarz den
Läufertausch (mittels Ba6) vor.} 18. Nd2 Nb6 19. Qe2 (19. Nc4 Nxc4 20. Bxc4 $14
) 19... Qc8 20. Rf3 {[%cal Gf3h3] Der Turm möchte nach g3 oder h3 ziehen - mit
Angriffschancen am Königsflügel. Ich halte diesen Figurenangriff jedoch nicht
für effektiv.} (20. Nc4 Nxc4 21. Bxc4 $14) 20... Ba6 21. Rg3 (21. Nc4 Nxc4 22.
Bxc4 Bxc4 23. Qxc4 Qa6 24. Qxa6 Rxa6 25. Rb3 Kd7 $11) 21... Bxd3 22. cxd3 {
[%cal Ge1c1,Gc1c6]} (22. Qxd3 Qa6 $11) 22... Qb7 23. Rc1 c5 {Weiß hat etwas
Initiative am Königsflügel. Schwarz hingegen hat seine Chancen am Damenflügel.
Während Schwarz jedoch schon die halboffene b-Linie zur Verfügung hat, ist es
nicht einfach für Weiß, sich eine Linie am Königsflügel zu öffnen.} 24. Bh4 (
24. f6 g6 $13) 24... f6 25. Qg4 (25. Qh5+ Qf7) 25... Ra7 26. Rh3 Qf7 (26... a4
$13) (26... O-O 27. Bf2 Qf7 28. Qh4 h6 $13) 27. Be1 {[%cal Ge1a5]} Rb7 {
[%cal Gb7b2]} 28. Qd1 {Mit diesem Zug begräbt Weiß die Hoffnung auf einen
Angriff am Königsflügel.} O-O $15 {Schwarz hat seinen König am Königsflügel in
Sicherheit gebracht und kann sich seinem Spiel am Damenflügel widmen.} 29. a4 {
Weiß kommt um diesen Zug kaum herum - denn es droht die Turmverdopplung auf
der b-Linie nebst Bf8 (das ist ein sicherer Platz für den Läufer) und
eventuell Qd7 nebst Na4.} Rfb8 30. b3 Bf8 31. Qg4 Bd6 (31... Nc8 $15) 32. Bf2
Nc8 {[%cal Gc8e7,Ge7c6,Gc6b4] Der Nb6 kann sich endlich befreien, denn nach
dem - positionell sinnvollen Nc4 - hängt der Pb3.} 33. Rb1 Ne7 34. Rf1 Nc6 35.
Be1 {[#]} Rxb3 $1 {[%mdl 512] Dieses Opfer ist stark. Da die Stellung
geschlossen ist, können die weißen Türme nicht genügend zur Wirkung kommen.}
36. Nxb3 Rxb3 37. Qh4 h6 38. Bd2 {Es droht 39.Bxh6 mit Angriff am Königsflügel.
} Kf8 $1 {Der schwarze König entfernt sich aus der Gefahrenzone und kann im
Endspiel an den Damenflügel wandern.} 39. Rg3 Ke8 40. Qg4 Bf8 {Nach diesem Zug
ist alles am Königsflügel verteidigt - Schwarz kann endlich am Damenflügel
spielen.} 41. Rc1 Ra3 {[%csl Ra4]} 42. Qd1 Nb4 {[%cal Rb4d3,Ra3d3]} 43. Bxb4
axb4 {Schwarz hat starken positionellen Druck am Damenflügel. Die weißen
Bauern Pa4 und Pd3 sind schwach.} 44. Rf3 (44. Ra1 Qb3 $17) 44... Kd8 45. Rf1
Qb3 46. Qxb3 Rxb3 {[%mdl 4096]} 47. Rfd1 Kc7 48. a5 Kb7 49. Kg1 (49. Ra1 Ka6
$17) 49... Ka6 $17 {[%csl Ga6] Der schwarze König steht aktiv, sein weißes
Gegenstück befindet sich hingegen weitab vom Geschehen.} 50. Kf1 Ra3 (50...
Kxa5 51. Ra1+ Ra3 $17) 51. Ke2 (51. Ra1 Kxa5 $17) 51... Ra2+ 52. Rd2 Rxa5 (
52... Rxd2+ $2 53. Kxd2 Kxa5 54. Ra1+ Kb5 55. Ra8 $16) 53. Rb2 Kb5 54. Kd2 Ra3
55. Rbb1 Ka4 56. Ra1 c4 $1 {Dieses Bauernopfer bringt den Läufer ins Spiel.}
57. dxc4 (57. Rxa3+ bxa3 58. Rxc4+ (58. dxc4 Bb4+ 59. Kd3 (59. Kc2 a2 60. Kb2
Ba3+ $19) 59... a2 $19) 58... Kb3 59. Rc8 Bb4+ 60. Ke2 a2 $19) 57... Bc5 58. g4
b3 $19 {[%cal Rb3b2,Rb2a1,Rb2c1] Der theoretische weiße Materialvorteil ist
nichts wert - Schwarz steht mit seinen aktiven Figuren und den zwei Freibauern
Pb3 und Pd4 auf Gewinn.} 59. Rxa3+ Kxa3 60. Ra1+ Kb4 (60... Kb2 61. Ra8 Bb4+
62. Kd3 Ba3 $17) 61. Ra8 (61. Kd3 b2 62. Rb1 Kb3 63. Rd1 Ka2 64. Kc2 d3+ $19)
61... Kxc4 62. Rc8 d3 0-1

[Event "YUG-ch 56th"]
[Site "Herceg Novi"]
[Date "2001.04.01"]
[Round "9"]
[White "Kovacevic, Aleksandar"]
[Black "Pavlovic, Milos"]
[Result "1-0"]
[WhiteElo "2521"]
[BlackElo "2496"]
[Annotator "Ribli,Z"]
[PlyCount "97"]
[EventDate "2001.03.23"]
[EventType "tourn"]
[EventRounds "15"]
[EventCountry "YUG"]
[EventCategory "10"]
[SourceTitle "CBM 083"]
[Source "ChessBase"]
[SourceDate "2001.07.05"]
[SourceVersion "1"]
[SourceVersionDate "2001.07.05"]
[SourceQuality "1"]

1. e4 c5 2. Nc3 e6 3. Nf3 (3. g3) 3... a6 4. d4 cxd4 5. Nxd4 Qc7 6. Be2 {
Mit diesem Zug möchte Weiß klassische Varianten mit den typischen Zügen 0-0
und f2-f4 erreichen.} (6. Bd3) 6... b5 {Schwarz möchte am Damenflügel Raum
gewinnen. Die Züge 6...Nc6 und 6...Nf6 werden häufiger gespielt.} 7. O-O Bb7 8.
Re1 Nc6 (8... Nf6 9. Bf3 d6 10. Bf4 $36) 9. Nxc6 dxc6 10. e5 {Weiß gewinnt
Raum am Königsflügel.} Rd8 11. Bd3 c5 {[%cal Gb7g2] Schwarz öffnet die
Diagonale des Bb7 und droht nun 12...c4.} 12. Qg4 $5 {[%csl Gg4] Dieser Zug
scheint mir logischer als die Alternativen. In der Folge fällt es Schwarz
nicht leicht, seinen Königsflügel zu entwickeln.} (12. Bg5 Be7 13. Qg4 (13. Qh5
g6 14. Qh4 Rd4 15. Qg3 h5 16. Bxe7 Nxe7 17. Ne4 Bxe4 18. Bxe4 O-O 19. Qg5 Rfd8
{0-1 Del Rio Angelis,S-Cacho Reigadas,S/Cordoba 1995/EXT 2000 (40)}) 13... Rd4
14. Qg3 h5 15. Bxe7 Nxe7 16. Be4 b4 17. Bxb7 Qxb7 18. Ne2 Rg4 19. Qh3 Ng6 {
1-0 Polgar,S-Mortensen,E/Aarhus 1993/EXT 97 (41)}) (12. Qe2 Ne7 13. Bg5 (13.
Bf4 Ng6 14. Bg3 Be7 15. a4 {1/2-1/2 Mariotti,S-Cebalo,M/Budva 1981/MCD (15)})
13... h6 14. Qh5 Rd7 15. Ne4 Ng6 16. Bd2 Qxe5 17. Qg4 h5 {0-1 Jukic,B-Lau,R/
Osijek 1993/CBM 38 ext (28)}) (12. Qh5 g6 $5) 12... Ne7 (12... Rd4 13. Be4 $1
b4 $4 (13... Bxe4 $1 14. Rxe4 $1 Qxe5 $3 15. Be3 $1 Rxe4 16. Qxe4 Qxe4 17. Nxe4
Nf6 18. Nxc5 Bxc5 19. Bxc5 $14) 14. Qf3 $1 $18 Bxe4 15. Nxe4 Qxe5 16. c3 $1 Rd5
17. Nf6+ $1 {1-0 Bezgodov,A-Pugachov,A/Petropavlovsk 75/(164) 1999/Inf 75/
[Bezgodov,A] (17)}) (12... b4 13. Ne4 $14) 13. Bg5 {[%cal Gg5d8] Weiß hat zwar
Entwicklungsvorsprung, aber die Zentrumstellung ist geschlossen, und Schwarz
kontrolliert viele wichtige Felder.} Rd4 {[%csl Gd4]} (13... h6 14. Bxe7 Qxe7
15. Be4 $14) (13... c4 14. Be4 $14) 14. Qg3 (14. Qh3 $5) 14... Nc6 (14... c4
15. Bxe7 Qxe7 16. Be4 $14) (14... Nf5 15. Qh3 $36) 15. a4 {Das ist ein für
diese Variante typischer Zug - Weiß provoziert den gegnerischen Damenflügel.} (
15. Bxb5 axb5 16. Nxb5 Qb6 17. Nxd4 Nxd4 $13 (17... cxd4 $13)) 15... b4 (15...
bxa4 16. Rxa4 $14 (16. Nxa4 Nb4)) 16. Ne4 c4 $13 (16... Nxe5 $6 17. Bf4 (17.
Nf6+ gxf6 18. Bxf6 Rg4 19. Bxe5 Rxg3 20. hxg3 Qc6 21. Be4 $13) 17... f6 18.
Bxe5 fxe5 (18... Qxe5 19. Nxf6+ Qxf6 20. Qb8+ $16 {[%cal Rb8b7,Rb8e8]}) 19. Ng5
$16) 17. Bf1 Nxe5 (17... Qxe5 $2 18. Nf6+ $18) 18. Nf6+ {Mit diesem schönen
Zug gewinnt Weiß das Material zurück.} (18. Bf4 $6 Rxe4 19. Rxe4 (19. Bxe5 Qc8
$15) 19... Bxe4 20. Bxe5 Qc8 $15) 18... gxf6 19. Bxf6 {[%cal Rf6h8,Rf6e5]} Rg4
(19... Nf3+ $2 20. gxf3 Bd6 21. Qg7 (21. Qg2 Bxh2+ 22. Qxh2 Rg8+ 23. Bg2 Qxh2+
24. Kxh2 Rf4 25. Be5 $18) 21... Bxh2+ 22. Kh1 Bxf3+ 23. Bg2 $18) (19... Bd6 {
[%cal Gc7g3]} 20. Bxe5 Bxe5 21. Rxe5 $14 {Weiß hat die bessere Bauernstruktur
und eine solide Stellung.}) 20. Qxe5 Qxe5 (20... Bd6 21. Qh5 Rhg8 22. Rxe6+ $18
) 21. Rxe5 Rhg8 {[%cal Gg8g2,Gb7g2]} 22. Rd1 {[%cal Rd1d8,Rd8e8]} Be7 (22...
Rxg2+ 23. Bxg2 Rxg2+ 24. Kf1 $18) 23. Bxe7 Kxe7 {Schwarz attackiert den Pg2,
aber das ist gar nicht weiter gefährlich. Andererseits sind seine Bauern am
Damenfluegel ein wenig schwach - aber auch dort droht (noch) nichts Konkretes.}
24. g3 c3 (24... Bf3 25. Rd2 c3 26. bxc3 bxc3 27. Rd3 $14) 25. bxc3 bxc3 26.
Rc5 {[%csl Rc3][%cal Rc5c7,Rc7e7,Rc7b7]} Rc8 (26... Bf3 27. Rc7+ Kf6 28. Rdd7
$16) 27. Rxc8 Bxc8 28. f4 $14 {[%csl Rg4][%mdl 4096] Der Turm steht weit
abseits vom Ort des Geschehens. Zudem sind die schwarzen Bauern am Damenflügel
schwach.} Bd7 (28... a5 29. Bb5 $14) 29. Bxa6 Bxa4 30. Bd3 {[%csl Rc3,Gd3]
[%cal Gd3h7] Der Bd3 verteidigt den Pc2, eventuell hängt einmal der Ph7 und
der Pc3 ist schwach.} h5 $6 (30... h6 31. Ra1 Bd7 32. Ra3 $16) 31. Ra1 Bc6 (
31... Bd7 32. Be2 Rg8 33. Bxh5 $16) 32. Ra7+ Kd6 (32... Kf6 33. Rc7 $16 {
[%cal Rc7c3]}) 33. Rxf7 $16 {Weiß hat einen Bauern mehr. Angesichts des
reduzierten Materials hat Schwarz jedoch Rettungschancen.} h4 34. Kf2 hxg3+ 35.
hxg3 Rg8 {[%cal Gg8h8,Gh8h1] Endlich kann Schwarz den Turm wieder ins Spiel
bringen.} 36. Rh7 Bd5 37. Rh5 Kc5 38. f5 (38. Be4 $5 $16) 38... exf5 39. Rxf5 {
[%cal Rd3e4,Re4d5] Der ernfernte weiße Freibauer steht noch weit hinten, ist
aber sehr gefährlich.} Kd4 40. Rf4+ Ke5 41. Rh4 {Es ist nicht leicht für Weiß,
seinen Bauern zu mobilisieren.} Rf8+ 42. Ke2 Rg8 43. Rh5+ Kd4 44. Kf2 Rf8+ 45.
Rf5 Rh8 (45... Rg8 46. Rf4+ Ke5 (46... Kc5 47. g4 $16) 47. Bc4 $16) (45...
Rxf5+ 46. Bxf5 Ke5 47. Bd3 $16) 46. Rf4+ Ke5 47. Ke3 {Weiß verbessert Schritt
für Schritt seine Stellung - endlich kann er den schwarzen König von d4
vertreiben.} Rh1 $4 {[%mdl 8192] Das ist ein wirklich grober Fehler in
schwerer Stellung.} (47... Rg8 48. Rf5+ Kd6 49. Kf4 $16) (47... Rh3 48. Rf5+
Kd6 49. Kd4 $16) 48. Rf5+ Ke6 49. Rxd5 $18 (49. Rxd5 Kxd5 (49... Re1+ 50. Kf2
$18) 50. Be4+ {[%cal Re4d5,Re4h1]}) 1-0